书目信息 |
| 题名: |
当代中国政治制度
|
|
| 作者: | 浦清祖 主编 | |
| 分册: | ||
| 出版信息: | 上海 复旦大学出版社 1999.08 |
|
| 页数: | 418页 | |
| 开本: | 32开 | |
| 丛书名: | ||
| 单 册: | ||
| 中图分类: | D601-43 | |
| 科图分类: | ||
| 主题词: | 政治--中国 | |
| 电子资源: | ||
| ISBN: | 7-309-02164-9 | |
| 000 | 00563nam0 2200193 45 | |
| 001 | 0010071587 | |
| 005 | 20001026155556.1 | |
| 010 | @a7-309-02164-9@d19.00元 | |
| 100 | @a20001007d1999 km y0chiy0120 ea | |
| 101 | 0 | @achi |
| 105 | @a z 000yy | |
| 200 | 1 | @a当代中国政治制度@ADang Dai Zhong Guo Zheng Zhi ZhiDu@f浦清祖 主编@FPu Qing Zu Zhu Bian |
| 210 | @a上海@c复旦大学出版社@d1999.08 | |
| 215 | @a418页@d32开 | |
| 606 | 0 | @a政治@x中国 |
| 690 | @aD601-43@v3 | |
| 701 | 0 | @a浦清祖@4主编 |
| 801 | @aCN@bPftUser@c20001007 | |
| 905 | @dD601-43@eP954@b191048-050@f3 | |
| 当代中国政治制度/浦清祖 主编.-上海:复旦大学出版社,1999.08 |
| 418页;32开 |
| ISBN 7-309-02164-9:19.00元 |
| ● |
| 相关链接 |
|
|
|
正题名:当代中国政治制度
索取号:D601-43/P954
 
预约/预借
| 序号 | 登录号 | 条形码 | 馆藏地/架位号 | 状态 | 备注 |
| 1 | 191048 | 201910487 | 社科库509/509社科库 71排8列2层/ [索取号:D601-43/P954] | 在馆 | |
| 2 | 191049 | 201910496 | 社科库509/509社科库 71排8列2层/ [索取号:D601-43/P954] | 在馆 | |
| 3 | 191050 | 201910502 | 社科库509/509社科库 71排8列2层/ [索取号:D601-43/P954] | 在馆 |